000 01038cam a2200241 4500
001 ABS67894
008 040617n2004 000 0 eng u
035 _a(Sirsi) u126496
100 _aCole, M.
245 _aLearning curve
260 _c2004
490 _aNew Civil Engineer
_v27 May 2004, 28-3(2)
520 _aSpotlight on how the Concrete Centre is handling its role as an educator and promoter of concrete technologies. The centre has adopted and developed CALcrete, a computer aided learning package that covers major aspects of concrete materials, design and construction. Introductory modules are available online at www.concretecentre.com.
590 _aABS
590 _aABS
650 _aCONCRETE
650 _aCONCRETE CONSTRUCTION
650 _aEDUCATION AND TRAINING
690 _aBUILDING AND CONSTRUCTION-MATERIALS AND PRODUCTS
856 _uhtp://www.concretecentre.com
_zView the Concrete Centre website...
856 _uhtp://www.concretecentre.com
_zView the Concrete Centre website...
942 _n0
999 _c117531
_d117531